Top Five European Countries by Category #1 - Statistics

General Stats
  • This quiz has been taken 809 times
  • The average score is 37 of 40
Answer Stats
State % Correct
Highest Population France
100%
Largest Land Area France
100%
Highest Military Expenditure France
100%
Highest Population Germany
100%
Highest Military Expenditure Germany
100%
Highest Population United Kingdom
100%
Highest Precipitation Rate United Kingdom
100%
Highest Military Expenditure United Kingdom
100%
Highest Population Italy
99%
Highest Military Expenditure Italy
99%
Highest Population Russia
99%
Largest Land Area Russia
99%
Highest Military Expenditure Russia
99%
Largest Land Area Sweden
98%
Largest % of Forest Cover Sweden
98%
Largest % of Forest Cover Finland
97%
Highest Precipitation Rate Norway
97%
Largest % of Forest Cover Norway
97%
Highest Life Expectancy Spain
97%
Largest Land Area Spain
97%
Largest Land Area Ukraine
96%
Highest Life Expectancy Monaco
95%
Highest Population Density Monaco
95%
Highest Population Density Vatican City
93%
Highest Life Expectancy San Marino
92%
Highest Population Density San Marino
92%
Lowest Median Age Ireland
91%
Highest Precipitation Rate Iceland
90%
Lowest Median Age Iceland
90%
Highest Life Expectancy Liechtenstein
90%
Highest Life Expectancy Switzerland
90%
Highest Precipitation Rate Switzerland
90%
Highest Population Density Netherlands
89%
Highest Population Density Malta
87%
Largest % of Forest Cover Lithuania
85%
Largest % of Forest Cover Slovenia
85%
Highest Precipitation Rate Albania
83%
Lowest Median Age Albania
83%
Lowest Median Age Montenegro
78%
Lowest Median Age Moldova
77%
No matching quizzes found
Score Distribution
Percent of People with Each Score
Percentile by Number Answered
Your Score History
You have not taken this quiz